Statistiques concernant Culture Générale - Série 387

Cliquez ici pour prendre le quiz!

Statistiques générales

  • Ce quiz a été pris 310 fois
  • Le résultat moyen est 8 sur 10

Statistiques - réponses

QuestionRéponse% Correct
Quel liquide a pour formule chimique H2O ?L'eau
97%
Quand on dit "Il a plu", de quel autre verbe que pleuvoir peut-il s'agir ?Plaire
93%
Quel mot composé d'origine africaine, désigne la mouche responsable de la transmission de la maladie du sommeil ?La mouche tsé-tsé
92%
En quelle année François 1er a-t-il remporté la bataille de Marignan ?1515
90%
Outre l'huile d'olive, que faut-il ajouter à une mayonnaise pour obtenir de l'aïoli ?De l'ail
88%
Comment se prénomme le druide du village d'Astérix ?Panoramix
85%
Qui est l'auteur du roman intitulé "Madame Bovary" ?Gustave Flaubert
73%
Selon le titre du second volet de la saga cinématographique "OSS 117" avec Jean Dujardin, quelle ville "ne répond plus" ?Rio
64%
Quel ex-Monsieur Univers est surnommé "Gouvernator" ?Arnold Schwarzenegger
57%
L'animatrice qui présentait "Intervilles" aux côtés de Guy Lux, s'appelle Simone...Garnier
40%

Distribution des résultats

Percentile par nombre de réponses

% des personnes avec chaque résultat

Votre développement - résultats

Vous n’avez pas pris ce quiz